000 00576nam a2200193Ia 4500
003 GCL
008 140319s9999 xx 000 0 eng d
040 _aGCL /
_cGCL
082 0 4 _a363.96
_bM E
100 1 _aMINISTRY OF POPULATION AND FAMILY WELFAR
245 1 0 _aEGYPT POPULATION EDUCATION /
_cMINISTRY OF POPULATION AND FAMILY WELFAR
260 _a[S.N] :
_bIE AND C MINISTRY OF POPULATION AND FAMI ،
_c1994
300 _a71 P
650 0 4 _aPOPULATION
650 0 4 _aHUMAN POPULATION
650 0 4 _aPOPULATION GROWTH
650 0 4 _aEGYPT - POPULATION
942 _2ddc
_cBK
999 _c16167
_d16167